LEADER 01643nam2-2200421---450 001 990001725880203316 005 20220204115841.0 010 $a978-1-108-01143-3 035 $a000172588 035 $aUSA01000172588 035 $a(ALEPH)000172588USA01 035 $a000172588 100 $a20040604e20101874km-y0itay50------ba 101 1 $aeng$cita 102 $aGB 105 $aaf||||||001yy 200 1 $a<> first voyage round the world by Magellan$etranslated from the accounts of Pigafetta and other comtemporary writers$fAntonio Pigafetta$gedited by Henry Edward John Stanley 210 $aCambridge [etc.]$cCambridge University Press$d2010 215 $aLX, 257, XX p., [10] carte di tav.$cill.$d22 cm 225 2 $aCambridge library collection$iTravel and exploration 300 $aRiproduzione facsimilare dell'edizione: London : printed for the Hakluyt society, 1874 410 0$1001000126532$12001$aCambridge library collection. Travel and exploration 676 $a910.41 700 1$aPIGAFETTA,$bAntonio$0168541 702 1$aSTANLEY,$bHenry Edward John 801 0$aIT$bsalbc$gISBD 912 $a990001725880203316 951 $aVII.3. Coll. 17/ 59$b230243 L.M.$cVII.3. Coll.$d00298041 959 $aBK 969 $aUMA 979 $aMARIA$b10$c20040604$lUSA01$h1140 979 $aMARIA$b10$c20040604$lUSA01$h1140 979 $aANNAMARIA$b90$c20110714$lUSA01$h1117 979 $aANNAMARIA$b90$c20110720$lUSA01$h1238 979 $aANNAMARIA$b90$c20110720$lUSA01$h1247 979 $aANNAMARIA$b90$c20110720$lUSA01$h1354 996 $aFirst voyage round the world by Magellan$92587091 997 $aUNISA LEADER 01865nam 2200625 450 001 9910162718003321 005 20170809151642.0 010 $a1-5095-0581-4 035 $a(CKB)3710000000495653 035 $a(EBL)4044071 035 $a(SSID)ssj0001569645 035 $a(PQKBManifestationID)16218179 035 $a(PQKBTitleCode)TC0001569645 035 $a(PQKBWorkID)12783467 035 $a(PQKB)10190453 035 $a(MiAaPQ)EBC4044071 035 $a(EXLCZ)993710000000495653 100 $a20151109h20152015 uy 0 101 0 $aeng 135 $aur|n|---||||| 181 $ctxt 182 $cc 183 $acr 200 10$aWho is Charlie? $exenophobia and the new middle class /$fEmmanuel Todd ; maps and diagrams by Philippe Laforgue ; translated by Andrew Brown 210 1$aCambridge, England ;$aMalden, Massachusetts :$cPolity,$d2015. 210 4$dİ2015 215 $a1 online resource (172 p.) 300 $aIncludes index. 311 $a1-5095-0578-4 311 $a1-5095-0577-6 606 $aXenophobia$zFrance 606 $aSocial classes$zFrance 606 $aReligion and social status$zFrance 606 $aReligion and sociology$zFrance 606 $aSocial problems$zFrance 606 $aIslamaphobia$zFrance 607 $aFrance$xSocial conditions$y1995- 608 $aElectronic books. 615 0$aXenophobia 615 0$aSocial classes 615 0$aReligion and social status 615 0$aReligion and sociology 615 0$aSocial problems 615 0$aIslamaphobia 676 $a306.440944 700 $aTodd$b Emmanuel$f1951-$0151130 702 $aLaforgue$b Philippe 702 $aBrown$b Andrew 801 0$bMiAaPQ 801 1$bMiAaPQ 801 2$bMiAaPQ 906 $aBOOK 912 $a9910162718003321 996 $aWho is Charlie$92893185 997 $aUNINA